| 000 | 00422nam a22001697a 4500 | ||
|---|---|---|---|
| 005 | 20250327102159.0 | ||
| 008 | 250327b |||||||| |||| 00| 0 eng d | ||
| 020 | _a9781647287061 | ||
| 041 | _aEng. | ||
| 082 | _a006.3 VIN | ||
| 100 | _aVincent, Richard | ||
| 245 | _aTools And Applications Of Data Mining | ||
| 260 |
_aUSA _bWillford Press _c2025 |
||
| 300 | _a219;. P. 26 cm | ||
| 650 | _aData Mining | ||
| 942 | _cBK | ||
| 999 |
_c43429 _d43429 |
||